| 000 | 00000nam 2200000za 4500 |
| 001 | 9.686952 |
| 003 | CaOODSP |
| 005 | 20230503095448 |
| 007 | cr ||||||||||| |
| 008 | 150407|2004||||xxc|||||o f|0| 0 eng d |
| 020 | |a0-662-36784-7 |
| 040 | |aCaOODSP|beng |
| 043 | |an-cn--- |
| 086 | 1 |aT48-40/2004E-PDF |
| 110 | 1 |aCanada.|bTransport Canada. |bTransportation Development Centre. |
| 245 | 10|aImpact of heavy vehicles on crossing safety : |h[electronic resource]|bdevelopment of an adapted design tool - project summary |
| 260 | |aMontreal - Quebec : |bTransport Canada. |c2004. |
| 300 | |a4p.|bcoloured illus. |
| 500 | |aThe catalogue number (T48-40/2004) and ISBN (0-662-68159-2) assigned to the bilingual print edition have been incorrectly printed in this electronic publication. |
| 590 | |a04-35|b2004-08-27 |
| 690 | 07|aRoad safety|2gcpds |
| 775 | 08|tImpact des véhicules lourds sur la sécurité aux passages à niveau : |w(CaOODSP)9.631416 |
| 776 | 0#|tImpact of heavy vehicles on crossing safety : |w(CaOODSP)9.665473 |
| 776 | 0#|tImpact des véhicules lourds sur la sécurité aux passages à niveau : |w(CaOODSP)9.665474 |
| 795 | |tImpact of heavy vehicles on crossing safety : |b2003|w(CaOODSP)9.919158 |
| 856 | 40|ahttp://publications.gc.ca|qPDF|s214 KB|uhttps://publications.gc.ca/collections/Collection/T48-40-2004E.pdf |